000 00841nam a22002657a 4500
003 DO-SdBNP
005 20220225113932.0
008 151113b 2008 dr ||| 00| 0 spa d
020 _a9789945068603
040 _aBPMSU
_bspa
_cBPMSU
082 4 _aRD863.3
_bG182e 2008
_222
100 1 _aGalván, Manuel de Jesús,
_d1834-1910
245 1 0 _aEnriquillo /
_cManuel de Jesús Galván ; edición Isael Pérez.
250 _aEdición resumida
260 _aSanto Domingo :
_bSantuario,
_c2008
300 _a152 p. ;
_b21 cm.
500 _3Incluye datos biográficos del autor en la la solapa de la cubierta
590 _6Inventariado, 2021/VM
650 4 _aNovela histórica dominicana
650 4 _aLiteratura dominicana
700 1 _aPérez, Isael,
_eed.
910 _aVMateo V.
942 _2ddc
_cBK
945 _aInventariado / 2018 VM
999 _c8705
_d8705